000 00767cam a22002171 4500
001 e 26000202
003 DLC
005 20260227111217.0
008 890202s1925 wvu b s000 0 eng c
010 _ae 26000202
035 _a(OCoLC)19094899
040 _aLibrary, U.S. Bur. of Education
_cWvU
_dWvU
_dDLC
042 _apremarc
050 0 0 _aTX174.W4
_bA5 1925
110 1 _aWest Virginia.
_bDivision of Vocational Education.
245 1 0 _aHome economics education.
_bA tentative course of study for the eighth, ninth, and tenth grades.
_cState Board of Education, Division of Vocational Education.
260 _aCharleston, W. Va.
_c[1925]
300 _a76 p.
_c23 cm.
504 _aBibliograpy: p. 73-76.
650 0 _aHome economics
_xOutlines, syllabi, etc.
999 _c20822
_d20822